Tulsian's cost accounting : (Record no. 145517)

MARC details
000 -LEADER
fixed length control field 00838nam a22002297a 4500
005 - DATE AND TIME OF LATEST TRANSACTION
control field 20180525103145.0
010 ## - LCCN (DPL NO)
LC control number ENG-123099
020 ## - INTERNATIONAL STANDARD BOOK NUMBER
International Standard Book Number 9789352533367
Terms of availability 850.00
035 ## - SYSTEM CONTROL NUMBER
System control number B-686201-214
035 ## - SYSTEM CONTROL NUMBER
System control number EN-106631
037 ## - SOURCE OF ACQUISITION
Source of stock number/acquisition Asian
Stock number dpl
082 ## - DEWEY DECIMAL CLASSIFICATION NUMBER
Classification number 657.42
100 ## - MAIN ENTRY--PERSONAL NAME
Personal name Tulsian, P.C.
245 ## - TITLE STATEMENT
Title Tulsian's cost accounting :
Statement of responsibility, etc by P.C. Tulsian [and] Bharat Tulsian
Remainder of title for CA-IPC (Group-I) a self-study textbook /
250 ## - EDITION STATEMENT
Edition statement 9th ed
260 ## - PUBLICATION, DISTRIBUTION, ETC. (IMPRINT)
Place of publication, distribution, etc New Delhi
Name of publisher, distributor, etc S.Chand
Date of publication, distribution, etc 2016
270 ## - ADDRESS
Address 7361, Ram Nagar,
City New Delhi
Postal code 110055
300 v# - PHYSICAL DESCRIPTION
Extent various pagings
Dimensions 25cm(pbk)
700 ## - ADDED ENTRY--PERSONAL NAME
Personal name Tulsian, Bharat
942 ## - ADDED ENTRY ELEMENTS (KOHA)
Source of classification or shelving scheme Dewey Decimal Classification
Item type English Books
Call number suffix TUL
Classification part 657.42
Holdings
Withdrawn status Lost status Not for loan Collection code Home library Current library Date acquired Source of acquisition Cost, normal purchase price Full call number Barcode Copy number Cost, replacement price Koha item type
      Non-fiction Ashok Vihar Ashok Vihar 20/01/2018 ABC/5278/5.12.17/BPPD/EN/2017-18/636/20.11.17/6.1.2018 850.00 657.42 TUL B-686205 1 850.00 English Books
      Non-fiction Bawana Bawana 20/01/2018 ABC/5278/5.12.17/BPPD/EN/2017-18/636/20.11.17/6.1.2018 850.00 657.42 TUL B-686213 1 850.00 English Books
    Not For Loan Non-fiction D.B.Act.Division Bawana 25/05/2018 DBAD/PUB 850.00 657.42 TUL EN-106631 1 850.00 English Books
      Non-fiction Central Library Central Library 20/01/2018 ABC/5278/5.12.17/BPPD/EN/2017-18/636/20.11.17/6.1.2018 850.00 657.42 TUL B-686201 1 850.00 English Books
      Non-fiction Janak Puri Janak Puri 20/01/2018 ABC/5278/5.12.17/BPPD/EN/2017-18/636/20.11.17/6.1.2018 850.00 657.42 TUL B-686209 1 850.00 English Books
      Non-fiction Kasturba Gandhi Marg Kasturba Gandhi Marg 20/01/2018 ABC/5278/5.12.17/BPPD/EN/2017-18/636/20.11.17/6.1.2018 850.00 657.42 TUL B-686207 1 850.00 English Books
      Non-fiction Mobile Library Mobile Library 20/01/2018 ABC/5278/5.12.17/BPPD/EN/2017-18/636/20.11.17/6.1.2018 850.00 657.42 TUL B-686202 2 850.00 English Books
      Non-fiction Mobile Library Mobile Library 20/01/2018 ABC/5278/5.12.17/BPPD/EN/2017-18/636/20.11.17/6.1.2018 850.00 657.42 TUL B-686203 2 850.00 English Books
      Non-fiction Narela Narela 20/01/2018 ABC/5278/5.12.17/BPPD/EN/2017-18/636/20.11.17/6.1.2018 850.00 657.42 TUL B-686212 1 850.00 English Books
      Non-fiction New Police Line New Police Line 20/01/2018 ABC/5278/5.12.17/BPPD/EN/2017-18/636/20.11.17/6.1.2018 850.00 657.42 TUL B-686204 1 850.00 English Books
      Non-fiction Patel Nagar Patel Nagar 20/01/2018 ABC/5278/5.12.17/BPPD/EN/2017-18/636/20.11.17/6.1.2018 850.00 657.42 TUL B-686206 1 850.00 English Books
      Non-fiction Peshwa Road Peshwa Road 20/01/2018 ABC/5278/5.12.17/BPPD/EN/2017-18/636/20.11.17/6.1.2018 850.00 657.42 TUL B-686208 1 850.00 English Books
      Non-fiction R.K.Puram-8 R.K.Puram-8 20/01/2018 ABC/5278/5.12.17/BPPD/EN/2017-18/636/20.11.17/6.1.2018 850.00 657.42 TUL B-686211 1 850.00 English Books
      Non-fiction Sarojini Nagar Sarojini Nagar 20/01/2018 ABC/5278/5.12.17/BPPD/EN/2017-18/636/20.11.17/6.1.2018 850.00 657.42 TUL B-686210 1 850.00 English Books
      Non-fiction Shahdara Branch Shahdara Branch 20/01/2018 ABC/5278/5.12.17/BPPD/EN/2017-18/636/20.11.17/6.1.2018 850.00 657.42 TUL B-686214 1 850.00 English Books

© Delhi Public Library
Hit Counter
free hit counter